书目信息 |
| 题名: |
中国评书艺术论
|
|
| 作者: | 汪景涛 著 | |
| 分册: | ||
| 出版信息: | 北京 经济日报出版社 1997.3 |
|
| 页数: | 359页 | |
| 开本: | 32开 | |
| 丛书名: | 东方文化集成.中华文化编 | |
| 单 册: | ||
| 中图分类: | J826.8 | |
| 科图分类: | ||
| 主题词: | 戏剧--艺术--中国 | |
| 电子资源: | ||
| ISBN: | 7-80127-293-5 | |
| 000 | 00653nam0 2200229 45 | |
| 001 | 0004061785 | |
| 005 | 20031219104044.5 | |
| 010 | @a7-80127-293-5@dCNY28.00 | |
| 100 | @a20000406d1997 km y0chiy0120 ea | |
| 101 | @achi | |
| 105 | @a z 000yy | |
| 200 | 1 | @a中国评书艺术论@f汪景涛,王决等著 |
| 210 | @a北京@c经济日报出版社@d1997.3 | |
| 215 | @a359页@d32开 | |
| 225 | @a东方文化集成.中华文化编@f季羡林主编 | |
| 410 | @12001 @a东方文化集成.中华文化编 | |
| 410 | @1700 0@a季羡林@AJi Xian Lin@4主编 | |
| 606 | 0 | @a戏剧@x艺术@y中国 |
| 690 | @aJ826.8@v1 | |
| 701 | @a汪景涛@4著 | |
| 801 | @aCN@bTSTC@c20000406 | |
| 905 | @f3@b287300-302@dJ826.8@e45 | |
| 中国评书艺术论/汪景涛,王决等著.-北京:经济日报出版社,1997.3 |
| 359页;32开.-(东方文化集成.中华文化编/季羡林主编) |
| ISBN 7-80127-293-5:CNY28.00 |
| ● |
| 相关链接 |
|
|
|
|
正题名:中国评书艺术论
索取号:J826.8/45
 
预约/预借
| 序号 | 登录号 | 条形码 | 馆藏地/架位号 | 状态 | 备注 |
| 1 | 0287300 | 002873000 | 密集书库/ [索取号:J826.8/45] | 在馆 | |
| 2 | 0287301 | 002873019 | 第一借阅区/ [索取号:J826.8/45] | 在馆 | |
| 3 | 0287302 | 002873028 | 第一样本阅览室/ [索取号:J826.8/45] | 在馆 |